000 01012 a2200169 4500
003 Nust
005 20230131142142.0
040 _cNust
082 _a940.546,GIB
100 _aGibbs, Phlip
_9108265
245 _aSince Then /
_cPhilip Gibbs
260 _aLondon
_bWilliam Heinemann Ltd
300 _a414:p
505 _aThe Great Reprieve (Page-1), The German Revolution (Page-8), The Advance to the Rhine (Page-16), The Peace Treaties (Page-24), The White Armies (Page-46), The Mutilation of Hungary (Page-74), The Greek Tragedy (Page-94), The Fascist Regime (Page-117), The Revival of Germany (Page-137), The Future of Austria (Page-172), The Regeneration of Poland (Page-178), The Leadership of France (Page-197), The State of England (Page-224), America After the War (Page-261), The Record of the League (Page-305), The Restless Races (Page-314), The Martyrdom of Russia (Page-329), The Unveiling of Woman (Page-366), The post War Mind (Page-386).
650 _aWorld war
_9108266
942 _2ddc
_cBK
999 _c187207
_d187207